Introducción a la historia de España / (Record no. 83525)

MARC details
000 -LEADER
campo de control de longitud fija 00928nam a2200265 i 4500
001 - NÚMERO DE CONTROL
campo de control 83525
003 - IDENTIFICADOR DE NÚMERO DE CONTROL
campo de control ES-MaACL
005 - FECHA Y HORA DE LA ÚLTIMA TRANSACCIÓN
campo de control 20250915063036.0
007 - CAMPO FIJO DE DESCRIPCIÓN FÍSICA--INFORMACIÓN GENERAL
campo de control de longitud fija t|
008 - DATOS DE LONGITUD FIJA--INFORMACIÓN GENERAL
campo de control de longitud fija 041117s1970 sp ||||1| spa d
040 ## - FUENTE DE CATALOGACIÓN
Centro/agencia transcriptor ES-MaACL
245 00 - MENCIÓN DEL TÍTULO
Título Introducción a la historia de España /
Mención de responsabilidad, etc. Antonio Ubieto... [et al.].
250 ## - MENCION DE EDICION
Mención de edición Séptima edición revisada
260 ## - PUBLICACIÓN, DISTRIBUCIÓN, ETC.
Lugar de publicación, distribución, etc. Barcelona :
Nombre del editor, distribuidor, etc. Teide,
Fecha de publicación, distribución, etc. 1970.
300 ## - DESCRIPCIÓN FÍSICA
Extensión XV, 1062 páginas :
Otras características físicas ilustrado blanco y negro ;
Dimensiones 22 cm.
651 #4 - PUNTO DE ACCESO ADICIONAL DE MATERIA--NOMBRE GEOGRÁFICO
9 (RLIN) 8209
Nombre geográfico España-
Subdivisión general Historia
700 1# - ENTRADA AGREGADA--NOMBRE PERSONAL
Nombre de persona Ubieto Arteta, Antonio
9 (RLIN) 111843
Término indicativo de función/relación Autor
700 1# - ENTRADA AGREGADA--NOMBRE PERSONAL
Nombre de persona Reglá, Juan,
9 (RLIN) 95897
Fechas asociadas al nombre 1917-1973
Término indicativo de función/relación Autor
700 1# - ENTRADA AGREGADA--NOMBRE PERSONAL
Nombre de persona Jover Zamora, José María,
9 (RLIN) 67068
Fechas asociadas al nombre 1920-2006
Término indicativo de función/relación Autor
700 1# - ENTRADA AGREGADA--NOMBRE PERSONAL
Nombre de persona Seco Serrano, Carlos,
9 (RLIN) 105054
Fechas asociadas al nombre 1923-2020
Término indicativo de función/relación Autor
852 ## - LOCALIZACIÓN
Ubicación ES-MaACL
Número de control de estantería C-38258
Sublocalización o colección R.72755
itemnumber 86603
Ubicación en estantería Depósito 2
942 ## - ELEMENTOS DE ENTRADA SECUNDARIOS (KOHA)
Tipo de ítem Koha Libro impreso
Suprimir en OPAC No
Holdings
Estatus retirado Estado de pérdida Estado de daño No para préstamo Biblioteca de origen Biblioteca actual Ubicación en estantería Fecha de adquisición Fuente de adquisición Total de préstamos Signatura topográfica completa Código de barras Visto por última vez Precio de reemplazo Tipo de ítem Koha
        Biblioteca del Ateneo de Madrid Biblioteca del Ateneo de Madrid Depósito 2 17/01/2008     C-38258 1087299 23/02/2023 23/02/2023 Libro impreso